000 01184cam a22003497a 4500
003 CHAP
005 20220329133247.0
008 971013s1991 r 00010 d
010 _a4042
011 _a5014
035 _a4220
040 _cCHAP
090 _aTesis
100 0 0 _aGarcía Durán, Martha Elba.
_945951
245 0 _aRegulación del crecimiento y desarrollo in vitro de estructuras reproductivas de sorgo (Sorghum bicolor L. Moench.)
260 _aMontecillo, Méx. :
_bEl Autor,
_c1991
300 _a111 h.
502 _aTesis (M.C. Esp. en Genética) -- C.P. Centro de Genética
590 _aALEPH
_b10
_c20130110
_lUCH01
_h1215
590 _aBATCH-UPD
_b10
_c20130110
_lUCH01
_h1424
590 _aBATCH-UPD
_b10
_c20130410
_lUCH01
_h0904
590 _aBATCH-UPD
_b10
_c20130914
_lUCH01
_h0429
590 _aCONVERSION
_b10
_c20130109
_lUCH01
_h1303
650 1 4 _aAuxinas.
_98437
650 1 4 _aCultivo de tejidos.
_930213
650 1 4 _aPlantas
_xCrecimiento
_xEstimulantes.
_988808
650 1 4 _aSorgo
_xCrecimiento.
_9108644
901 _aBK
942 _cFOLL
949 _bBC
_cTES
_d-13753
_eTS1
_h24462
_i4220
_si
949 _bBC
_cTES
_d-79197
_eTS2
_fc.2
_h24663
_i4220
_si
999 _c4042
_d4042